000 01122cai a22001815a 4500
001 L145572
008 081022s2008 xxk g 000 0 eng d
035 _a(Sirsi) u145572
041 0 _aeng
110 2 _aRoyal Institution of Chartered Surveyors
_94900
245 0 0 _aRegulation microsite
_h[electronic resource]
520 _aMicrosite introduces simple sets of principles for the regulation of RICS members and firms. Information for firms has been grouped under rules, policies and help sheets and these are colour coded for ease of access. Details of disciplinary cases against members are also included, as is information for those who wish to make a complaint. RICS regulation also provide accreditation for statutory schemes including Home Inspector Certification and Domestic Energy Assessor Accreditation, with links provided to the requisite schemes.
590 _aKA NTK
651 4 _aUnited Kingdom
_y
690 _aABOUT RICS-RICS PROFESSIONAL REGULATION AND CONSUMER PROTECTION
856 4 0 _uhttps://www.rics.org/newregulation/
_zView the microsite free of charge online at www.rics.org...
942 _n0
999 _c120709
_d120709